Science & industrie : revue technique des industries mécaniques et électriques revue technique des industries mécaniques et électriques
Descripción Física:
il. ; 31 cm
MARC
| LEADER | 00000nam a2200000Ia 4500 | ||
|---|---|---|---|
| 001 | |||
| 008 | 160829s1930 xx 000 0 cat d | ||
| 080 | |a C-3-418 | ||
| 245 | |a Science & industrie : |b revue technique des industries mécaniques et électriques | ||
| 260 | |a Paris : |b Imprimerie Crété, |c 1930 | ||
| 300 | |a il. ; |c 31 cm | ||
| 590 | |a Periodicitat desconeguda. | ||
| 590 | |a Descripció basada en: 14 Anée, no. 197 (juin 1930). | ||
| 590 | |a Prové del fons d'Obres Públiques. | ||
| 650 | |a Indústries |x Revistes |9 49026 | ||
| 650 | |a Maquinària |x Indústria i comerç |x Revistes |9 49027 | ||
| 650 | |a Empreses elèctriques |x Revistes |9 49028 | ||
| 866 | |a Any 14, 1930 (197) | ||
| 901 | |a Arxiu | ||
| 942 | |n 1 | ||
| 952 | |0 0 |1 0 |4 0 |6 C3418 |7 1 |9 55045 |a Arxiu |b Arxiu |d 2012-08-22 |l 0 |o C-3-418 |r 2016-12-01 00:00:00 |w 2016-12-01 |y ARXIU | ||
| 999 | |c 58915 |d 58915 | ||